Postkoloniale Perspektiven auf mittelalterliches deutschsprachiges Erzählen

Titel: Postkoloniale Perspektiven auf mittelalterliches deutschsprachiges Erzählen / Michael R. Ott
Verfasser:
In: Literaturwissenschaftliches Jahrbuch, Band 65 (2024), Seite 61-89
alle Artikel anzeigen
Veröffentlicht: 2024
Format: Aufsatz
Sprache: Deutsch
Schlagworte:
Kein Bild verfügbar
X
alg: 52544769
001A    $04504:21-01-25 
001B    $04504:15-12-25 $t09:19:13.000 
001D    $04504:21-01-25 
001U    $0utf8 
001X    $00 
002@    $0Aou 
002C    $aText $btxt $2rdacontent 
002D    $aohne Hilfsmittel zu benutzen $bn $2rdamedia 
002E    $aBand $bnc $2rdacarrier 
003@    $0525447695 
007A    $0525447695 $aHEB 
010@    $ager 
010E    $erda 
011@    $a2024 
021A    $aPostkoloniale Perspektiven auf mittelalterliches deutschsprachiges Erzählen $hMichael R. Ott 
028A    $BVerfasser $#Ott, Michael $#Ott, Michael Ralf $4aut $71045466735 $8Ott, Michael R.$Z1982- [Tp3] $9334700396 
031A    $d65 $h61-89 $j2024 
039B    $aEnthalten in $8--Abvc--. Literaturwissenschaftliches Jahrbuch. - Berlin : Duncker & Humblot, 1961-. - ISSN 0075-997X $x202400000650000939 $9046840168 
044K    $RLamprecht $R088957055 $#Straßburger Alexander $#Alexanderlied $#Straßburger Bearbeitung $#Lamprecht $#086981234 $74467769-8 $8$PLamprecht$lder Pfaffe$Z1. Hälfte 12. Jh. [Tp1]$aAlexanderlied$gStraßburger Fassung [Tu1] $9088957047 
044K    $RKiesel, Fritz $R426208927 $#Hartmann $#086887254 $74113852-1 $8$PHartmann$lvon Aue$Z1160-1210 [Tp1]$aIwein [Tu1] $9085338281 
044K    $#Atskaņu hronikas $#Livonijas atskanu hronikas $#Atskaņu hronika $#Atskaņu chronikas $#Cronaca rimata della Livonia $74521199-1 $8$aLivländische Reimchronik, 13. Jh. [Tu1] $9089318382 
044K    $#Geste des Bretons $#Wace $#08714641X $74426526-8 $8$PWace$Z1100-ca. 1174 [Tp1]$aLe @roman de Brut [Tu1] $9088687880 
044K    $REpos $RHöfische Epik $RArtusepik $#Romances $#Épopées médiévales $#Roman courtois $#Romanzi cavallereschi $#Höfischer Roman $#Ritterepos Höfisches Epos $74131005-6 $8Höfisches Epos [Ts1] $9085465534 
044K    $RMotiv $74264190-1 $8Eroberung$gMotiv [Ts1] $9086410385 
044K    $RKolonie $RMotiv $#Imperialism in literature $74164710-5 $8Kolonialismus$gMotiv [Ts1] $9085735132 
045T    $a7,12 
045T    $aAVL $qDE-30 $2FID 
045T    $aGER $qDE-30 $2FID 
045V    $aLamprecht  $807.06.00$jZu einzelnen Autoren und Werken [Tkx] $9118844482 
045V    $aHartmann  $808.06.00$jZu einzelnen Autoren und Werken [Tkx] $9118844512 
045V    $808.04.03$jEpik [Tkx] $9118842811 

lok: 52544769 62

exp: 52544769 62 1 #EPN
201B/01 $021-01-25 $t22:04:23.000 
201C/01 $021-01-25 
203@/01 $01289487324 
208@/01 $a21-01-25 $be 
209A/01 $a/ $f000 $x00 
209B/01 $a2025 $x05 
247C/01 $8Frankfurt, Bibliographie der Deutschen Sprach- und Literaturwissenschaft $9113214561 
201U/01 $0utf8 

lok: 52544769 78

exp: 52544769 78 1 #EPN
201B/01 $010-02-26 $t11:47:46.000 
201C/01 $010-02-26 
201U/01 $0utf8 
203@/01 $01335130454 
208@/01 $a10-02-26 $be 
209A/01 $a/ $f000 $x00 
209A/01 $ab*p $x01 
220C/01 $apgar 
244Z/01 $#Lettland $#Lettland $#Lettland $#Latvija $#Latvijas Republika $#Lettische Republik $#République de Lettonie $#Republik Lettland $#Latwija $#Latvijas Republikas Tautas $#Republic of Latvia $#Latvijskaja Respublika $#Latvia $#Lettonie $#Łotwa $74074187-4 $8--Tg1--Lettland $x09 $9085208876 
244Z/01 $#Baltische Staaten $#Baltikum $#Baltische Staaten $#Baltische Staaten $#Baltische Provinzen $#Russische Ostseeprovinzen $#Baltische Republiken $#Russland, Ostseeprovinzen $74004379-4 $8--Tg1--Baltikum $x14 $9085003506 
247C/01 $82080>Marburg/Lahn, Herder-Institut, Forschungsbibliothek, Bibliographieportal $9336309341
LEADER 00000caa a2200000 c 4500
001 525447695
003 DE-603
005 20251215091913.0
007 tu
008 250121s2024 xx |||| | u00||u|ger c
035 |a (DE-599)HEB525447695 
040 |a DE-603  |b ger  |c DE-603  |d DE-603  |e rda 
041 |a ger 
084 |a 7,12  |2 ssgn 
084 |a AVL  |q DE-30  |2 fid 
084 |a GER  |q DE-30  |2 fid 
100 1 |a Ott, Michael R.  |d 1982-  |e Verfasser  |4 aut  |0 (DE-603)334700396  |0 (DE-588)1045466735  |2 gnd 
245 0 0 |a Postkoloniale Perspektiven auf mittelalterliches deutschsprachiges Erzählen  |c Michael R. Ott 
264 0 |c 2024 
336 |a Text  |b txt  |2 rdacontent 
337 |a ohne Hilfsmittel zu benutzen  |b n  |2 rdamedia 
338 |a Band  |b nc  |2 rdacarrier 
600 0 7 |a Lamprecht  |c der Pfaffe  |d 1. Hälfte 12. Jh.  |t Alexanderlied  |g Straßburger Fassung  |0 (DE-588)4467769-8  |0 (DE-603)088957047  |2 gnd 
600 0 7 |a Hartmann  |c von Aue  |d 1160-1210  |t Iwein  |0 (DE-588)4113852-1  |0 (DE-603)085338281  |2 gnd 
600 0 7 |a Wace  |d 1100-ca. 1174  |t ˜Leœ roman de Brut  |0 (DE-588)4426526-8  |0 (DE-603)088687880  |2 gnd 
630 0 7 |a Livländische Reimchronik, 13. Jh.  |0 (DE-588)4521199-1  |0 (DE-603)089318382  |2 gnd 
650 7 |a Höfisches Epos  |0 (DE-588)4131005-6  |0 (DE-603)085465534  |2 gnd 
650 7 |a Eroberung  |g Motiv  |0 (DE-588)4264190-1  |0 (DE-603)086410385  |2 gnd 
650 7 |a Kolonialismus  |g Motiv  |0 (DE-588)4164710-5  |0 (DE-603)085735132  |2 gnd 
773 0 8 |i Enthalten in  |t Literaturwissenschaftliches Jahrbuch  |d Berlin : Duncker & Humblot, 1961-  |h 24 cm  |x 0075-997X  |g Band 65 (2024), Seite 61-89  |w (DE-603)046840168  |w (DE-600)2596-3 
924 0 |9 603  |a (DE-603)1289487324  |b DE-603  |c HES  |d d 
924 0 |9 2080  |a (DE-603)1335130454  |b DE-2080  |c HES  |d d  |g /